Ils sont morts dans un accident de transport... - Statistiques

Statistiques générales
  • Ce quiz a été pris 51 fois
    42 depuis la dernière actualisation
  • Le résultat moyen est 4 sur 30
Statistiques - réponses
Question Réponse % Correct
2015 Florence Arthaud AVION / HELICOPTERE
67%
1999 John Kennedy Jr AVION / HELICOPTERE
67%
1949 Marcel Cerdan AVION / HELICOPTERE
67%
1910 Charles Rolls AVION / HELICOPTERE
33%
1912 Benjamin Guggenheim AVION / HELICOPTERE
17%
1916 Emile Verhaeren AVION / HELICOPTERE
17%
1935 Carlos Gardel AVION / HELICOPTERE
17%
1942 Carole Lombard AVION / HELICOPTERE
17%
2002 Lionel Poilâne AVION / HELICOPTERE
17%
1947 Philippe Leclerc AVION / HELICOPTERE
17%
1978 Alain Colas AVION / HELICOPTERE
17%
1935 Thomas Lawrence AVION / HELICOPTERE
0%
1913 Rudolf Diesel AVION / HELICOPTERE
0%
1842 Jules Dumont d'Urville AVION / HELICOPTERE
0%
1935 Astrid de Belgique AVION / HELICOPTERE
0%
1824 Théodore Géricault AVION / HELICOPTERE
0%
1927 Isadora Duncan AVION / HELICOPTERE
0%
1960 Albert Camus AVION / HELICOPTERE
0%
1986 Michel Colucci AVION / HELICOPTERE
0%
1997 Diana Spencer AVION / HELICOPTERE
0%
1982 Grace Kelly AVION / HELICOPTERE
0%
1967 Otis Redding AVION / HELICOPTERE
0%
1916 Enrique Granados AVION / HELICOPTERE
0%
2020 Hermine de Clermont-Tonnerre AVION / HELICOPTERE
0%
1945 George Patton AVION / HELICOPTERE
0%
1842 Ferdinand Philippe d'Orléans AVION / HELICOPTERE
0%
2006 Rdouard Michelin AVION / HELICOPTERE
0%
1788 Jean François de La Pérouse AVION / HELICOPTERE
0%
1973 Fernand Raynaud AVION / HELICOPTERE
0%
1970 Theo Sarapo AVION / HELICOPTERE
0%
Aucun quiz correspondant
Distribution des résultats
% des personnes avec chaque résultat
Percentile par nombre de réponses
Votre historique - résultats
Vous n’avez pas pris ce quiz depuis la dernière actualisation